01065 2200193 4500001002100000005001500021035002000036008004100056082001000097090002200107100001900129245012400148260004400272300002700316500044600343650004900789084001600838990001700854INLIS00000000000069520260429020809 a0010-0521000695260429 g | dut  a581.6 a531.6 (922) Has a0 aHasskarl, J.K.1 aAanteekeningen over Het Nut, door De Bewoners van Java aan Eenige Planten van Dit Eiland Toegeschreven /cJ.K. Hasskarl a[SL] :bDepartement van Landbouw,c[SA] a127 p. ;c34 x 21,5 cm aCatatan dari pemilik lahan mengenai manfaat beberapa tanaman di lahan pertanian. Tanaman yang dibahas merupakan tanaman obat seperti dadap, orang-aring, dll.; dan tanaman pangan seperti kangkung, bayam, aren, dll.--- Karya etnobotani awal yang mendokumentasikan kegunaan tanaman lokal di Jawa. Buku ini memuat laporan tentang manfaat tanaman untuk pangan, obat-obatan, dan kebutuhan sehari-hari berdasarkan pengetahuan masyarakat pribumi. 4aIndonesia -- Botani -- Ekonomi -- Pengobatan a581.6 HAS a a0328/KA/2026